000
00338nam a2200145Ia 4500
008
230718s9999 xx 000 0 und d
041
_a
Eng.
082
_a
346.8481
_b
KHA-G
100
_a
Khan, Ahmed
245
0
_a
Guardian and words Act
260
_a
Pakistan
_b
Mansoor Book House
_c
2016
300
_a
159
650
_a
Law
999
_c
31883
_d
31883